| 000 | 00636nam a2200145 4500 | ||
|---|---|---|---|
| 008 | 010817s1706 us engLO | ||
| 090 |
_aBS490 _bM43b |
||
| 100 | 1 |
_aHenry, Matthew, _d1662-1714 |
|
| 245 | 1 | 0 |
_aMatthew Henry's commentary on the whole Bible in six volumes / _cMatthew Henry. |
| 260 |
_aVirginia : _bMacDonald, _cc1706. |
||
| 300 | _a6 volumes. | ||
| 505 | 0 | _avol. 1-Genesis to Deuteronomy; vol. 2-Joshua to Esther; vol.3-Job to Song of Solomon; vol. 4-Isaiah to Malachi; vol. 5: Matthew to John; vol. 6: Acts to Revelation. | |
| 650 | 4 |
_aBible _xCommentaries. |
|
| 951 |
_p5924 _oBS490/M43b-III _j070613110947625 _d2000-12-21 _cREF |
||
| 999 |
_c3067 _d3067 |
||